000 00537nam a2200217 a 4500
999 _c5441
_d5441
001 5441
003 BD-JhCC
005 20180103174950.0
008 171214s1966 e |||| ||a| 00| 0 eng d
035 _a(BD-JhCC) 5441
040 _aBD-JhCC
_dBD-JhCC
041 _aeng
082 _a511.322
_bSIG 1966
100 _aSigler, L.E.
245 _aexercises in set theory /
_c L.E. Sigler
260 _aLondon :
_bD.VAN NOSTRAND COMPANY,INC,
300 _a134 p .:
_c17 cm .
650 _aSet theory
942 _2ddc
_cBK